When Every Laufey Album was released - Statistics

General Stats
  • This quiz has been taken 22 times
  • The average score is 29 of 42
Answer Stats
Promotional Single, Single, EP, Album, Reissued Album, or Live Album Date Released (either Year or exact date) % Correct
Street by Street (Promotional Single) 2020
100%
Someone New (Promotional Single) 2020
100%
Love Flew Away (with Adam Melchor) (Promotional Single) 2021
100%
Best Friend (Single) 2021
100%
Magnolia (Single) 2021
100%
Let You Break My Heart Again (Single) 2021
100%
Love to Keep Me Warm (with Dodie) (Single) 2021
100%
Valentine 2021
100%
Everything I Know About Love 2021
100%
Dear Soulmate (Promotional Single) 2022
94%
Fragile (Single) 2022
94%
The Christmas Waltz (Single) 2022
94%
Ain't Christmas (with Alexander 23) (Promotional Single) 2022
94%
Goddess (Single) 2024
94%
Where or When (Promotional Single) 2024
94%
Santa Baby (Single) 2024
94%
Christmas Magic (from Red One) (Single) 2024
94%
A Night at the Symphony: Hollywood Bowl (with Los Angeles Philharmonic) (Live Album) 2024
94%
Silver Lining (Single) 2025
94%
Tough Luck (Single) 2025
94%
Letter to My 13 Year Old Self 2025
94%
Lover Girl (Single) 2025
94%
Snow White (Single) 2025
94%
Valentine (Live with Iceland Symphony Orchestra) (Promotional Single) 2023
88%
California and Me (with Philharmonia Orchestra) (Promotional Single) 2023
88%
Promise (Promotional Single) 2023
88%
From the Start 2023
88%
Bewitched (Rework with Víkingur Ólafsson) (Promotional Single) 2023
88%
Dreamer (Los Angeles Philharmonic) (Promotional Single) 2023
88%
A Night to Remember (with Beabadoobee) 2023
88%
Winter Wonderland 2023
88%
Christmas with You (with Norah Jones) (EP) 10 November 2023
0%
A Very Laufey Holiday! (EP) 11 November 2022
0%
A Matter of Time (Album) 22 August 2025
0%
The Reykjavík Sessions (EP) 22 September 2022
0%
Bewitched: The Goddess Edition (Reissued Album) 26 April 2024
0%
Everything I Know About Love (Album) 26 August 2022
0%
Amazon Music Songline 26 September 2025
0%
A Night at the Symphony (with Iceland Symphony Orchestra) (Live Album) 2 March 2023
0%
Typical of Me (EP) 30 April 2021
0%
Bewitched (Album) 8 September 2023
0%
The Longest Goodbye (Role Model featuring Laufey) (Single) 9 July 2025
0%
No matching quizzes found
Score Distribution
Percent of People with Each Score
Percentile by Number Answered
Your Score History
You have not taken this quiz